Economía política: un texto introductorio

Salvato in:
Dettagli Bibliografici
Autore principale: Phelps, Edmund S (Autore)
Natura: Libro
Lingua:spagnolo
Pubblicazione: Barcelona Antoni Bosch 1986
Serie:Economía, 21
Soggetti:
Tags: Aggiungi Tag
Nessun Tag, puoi essere il primo ad aggiungerne!!

MARC

LEADER 00000nam a2200000 a 4500
001 UCW8979
003 CL-VaPUC
008 881115e19860000SP |||||||||||||||||spa|d
082 0 4 |a 330  |b PHE  |2 21 
100 0 |a Phelps, Edmund S  |e author  |9 314154 
245 1 0 |a Economía política: un texto introductorio 
300 |a 689 p 
942 |c BK 
945 |d 19881115 00:00:00 
260 |a Barcelona  |b Antoni Bosch  |c 1986 
650 0 |a Economía política  |9 255814 
583 |a last modification  |c 19881115 00:00:00  |k Rodrigo Vera 
490 0 |a Economía, 21 
999 |c 221110  |d 221108 
952 |0 0  |1 0  |4 0  |6 330_000000000000000_PHE_1986  |7 0  |8 A  |9 214091  |a BIBENE  |b BIBENE  |d 2019-11-15  |i 2825864  |o 330 PHE 1986  |p 2825864  |r 2025-01-15  |w 2019-11-15  |y BK  |k ICO